000 00757nam a22002057a 4500
999 _c19448
_d19448
003 AR-CdUCM
008 190517b ||||| |||| 00| 0 spa d
040 _aMUNICIPALIDAD PROVINCIAL DEL CUSCO
_cBIBLIOTECA MUNICIPAL DEL CUSCO
082 _a374.341 /
_bZ24
100 _aZamalloa Sota, Eulogio
_940778
245 _aAnalfabetismo en el Perú planes y programas de alfabetización 1970-1990 /
260 _aLima :
_bMaijosa,
_c1990.
300 _a186 paginas ;
_c21 cm.
505 _aContenido: El analfabetismo en el Perú -- Planes y programas de analfabetización 1970-1980 -- Relación de cuadros...
650 _aAnalfabetismo
_92410
650 _aPlanes
_940779
650 _aProgramas
_940780
942 _2ddc
_cLIBROS
945 _apjha
_d2019-05-17